000 00322nam a2200133Ia 4500
005 20260328104316.0
008 260328s9999||||xx |||||||||||||| ||und||
100 _aVan, A.J
245 0 _aPlanning and creation of an environment /
_cA.J Van
260 _bPhysical
300 _a90 p.
650 _aURBANISMO
942 _cBK
999 _c11151
_d11151